| Tag |
First Indicator |
Second Indicator |
Subfields |
| LEADER |
00000pam a2200000 a 4500 |
| 001 |
in00000587828 |
| 005 |
20151014074818.0 |
| 008 |
860530s1986 nyuaf 00000 eng |
| 010 |
|
|
|a 86013725
|
| 020 |
|
|
|a 0231064683 (alk. paper)
|
| 035 |
|
|
|a (OCoLC)13760177
|
| 035 |
|
|
|9 ACP6574AM
|
| 040 |
|
|
|a DLC
|c DLC
|d m/c
|d TXA
|d UtOrBLW
|
| 041 |
1 |
|
|a eng
|h san
|
| 049 |
|
|
|a TXAM
|c [A10040782]
|
| 050 |
0 |
0 |
|a BL1138.62
|b .E5 1986
|
| 082 |
0 |
|
|a 294.5/924
|2 19
|
| 245 |
0 |
4 |
|a The Bhagavad-Gita :
|b Krishna's counsel in time of war /
|c a translation by Barbara Stoler Miller ; with wood engraving by Barry Moser.
|
| 264 |
|
1 |
|a New York :
|b Columbia University Press,
|c 1986.
|
| 300 |
|
|
|a 168 pages, 1 unnumbered page of plates :
|b illustrations ;
|c 22 cm.
|
| 336 |
|
|
|a text
|b txt
|2 rdacontent
|
| 337 |
|
|
|a unmediated
|b n
|2 rdamedia
|
| 338 |
|
|
|a volume
|b nc
|2 rdacarrier
|
| 700 |
1 |
|
|a Miller, Barbara Stoler.
|
| 700 |
1 |
|
|a Moser, Barry.
|
| 999 |
|
|
|a MARS
|
| 999 |
f |
f |
|s 37156ea5-6b9c-342a-a024-5f72782ae0dc
|i 9bd58a1e-1511-3872-9858-de2cc1114db5
|t 0
|
| 952 |
f |
f |
|p normal
|a Texas A&M University
|b College Station
|c Sterling C. Evans Library
|d Evans: Library Stacks
|t 0
|e BL1138.62 .E5 1986
|h Library of Congress classification
|i unmediated -- volume
|m A14810040782
|
| 998 |
f |
f |
|a BL1138.62 .E5 1986
|t 0
|l Evans: Library Stacks
|